Google translated pokemon Gen 1 - Statistics

General Stats
  • This quiz has been taken 16 times
  • The average score is 32 of 150
Answer Stats
translation Answer % Correct
gyarado's name gyarados
93%
in persian persian
86%
the name of dodrio dodrio
71%
tentacles are planted tentacool
64%
polygon pronouced polygon porygon
57%
charizard name charizard
50%
dratini movement dratini
50%
geodude's given name geodude
50%
machop is called machop machop
50%
volt offset voltorb
50%
ommastar name ommastar
43%
the name of alakazan alakazam
36%
articuno case articuno
36%
bunny(blastoise) blastoise
36%
butter without butter butterfree
36%
caterpillar meat caterpie
36%
charmanders man charmander
36%
chameleon skin charmeleon
36%
cloister furniture cloyster
36%
lu gong lu gong dewgong
36%
digelt a digelt diglett
36%
dugtrio, dugtrio dugtrio
36%
gengar gengar gengar
36%
golden bat golbat
36%
haunted haunted haunter
36%
hitmonlygroup hitmonlee
36%
words of kabutops kabutops
36%
koffing (koffing) koffing
36%
crab words krabby
36%
magnon magneton
36%
malowak marowak
36%
meow meow speech meowth
36%
metapod. metapod
36%
mewtwo years mewtwo
36%
use of nidokin nidoking
36%
the name nidolan nidoran
36%
nidorino incident nidorino
36%
nine tailed number ninetales
36%
in the case of ommanite ommanyte
36%
pikachu pikachu
36%
poliwag case poliwag
36%
pony skin ponyta
36%
raichu raichu
36%
rat rattata
36%
rhydon pronounced rhydon rhydon
36%
rhino rhino rhyhorn
36%
sand shrew spine sandshrew
36%
seal seel
36%
slow slow bro slowbro
36%
slowly slowpoke
36%
snoring snorlax
36%
tauren animals tauros
36%
the vileplume case vileplume
36%
wart turtle wartortle
36%
word of zapdos zapdos
36%
dragon stone dragonite
29%
ikanes ekans
29%
electabuzz reviews electabuzz
29%
hitman chan name hitmonchan
29%
kangaroo kangaskhan
29%
magnesia magnemite
29%
lair queen nidoqueen
29%
Picciotto Picciotto pidgeotto
29%
group of shell shellder
29%
the name of staryu staryu
29%
tent work tentacruel
29%
venusaur of venusaur venusaur
29%
victor bell name victreebel
29%
air pterosaur aerodactyl
21%
dragon wind wind dragonair
21%
fear fearow
21%
cursed hair jynx
21%
the name ma chang machamp
21%
carp king job magikarp
21%
magma (mamar). magmar
21%
teacher. mine mr. mime
21%
mud muk
21%
the name of nicoline nidorina
21%
parasitic larve parasect
21%
pigget was called pigget pidgeot
21%
stami's first name starmie
21%
venonet's disease venonat
21%
drill beedrill
14%
the name of qianxi chansey
14%
golden color goldeen
14%
horse bone horsea
14%
ivory dragon ivysaur
14%
gigli patch's moves jigglypuff
14%
the name of kamehara kadabra
14%
laplace operation lapras
14%
meow mew
14%
hydra group seadra
14%
clockwork bellsprout
7%
frog seeds bulbasaur
7%
clifford's words clefairy
7%
sleepy drowzee
7%
dynamo electrode
7%
interpreters exeggutor
7%
golden eagle man golduck
7%
stone head graveler
7%
jordan syndrome jolteon
7%
king head kingler
7%
strange oddish
7%
agate onix
7%
psychic man psyduck
7%
squirrel spots squirtle
7%
solution wafer vaporeon
7%
poison venomoth
7%
vulvar skin vulpix
7%
it's time to cry weepinbell
7%
a bit zubat
7%
open abra
0%
cypress tree arbok
0%
mysterious behaviour arcanine
0%
can be called key clefable
0%
return ditto
0%
hovering doduo
0%
ibrahimovic eevee
0%
implement exeggcute
0%
completed work farfetch'd
0%
torch torch flareon
0%
combustion gastly
0%
dark is dark gloom
0%
puppet golem
0%
darker than grimer
0%
volume growlithe
0%
encourage hypno
0%
pregnant kabuto
0%
these are characters kakuna
0%
like lock lickitung
0%
piece of surgery machoke
0%
human nature mankey
0%
deaths (deaths) moltres
0%
memory paras
0%
PJ's first name pidgey
0%
paintbrush pinsir
0%
multiple rotation review poliwhirl
0%
anger of rage poliwrath
0%
the name of main image primeape
0%
fast rapidash
0%
officially recognized raticate
0%
gravel slit sandslash
0%
sickle skin scyther
0%
look for seaking
0%
sword spearow
0%
bye tangela
0%
cubone thick
0%
pathless grass weedle
0%
snoring weezing
0%
undulating behavior wigglytuff
0%
No matching quizzes found
Score Distribution
Percent of People with Each Score
Percentile by Number Answered
Your Score History
You have not taken this quiz